00297nam a2200109 4500020001800000082001500018084002500033245005900058260004700117300001000164650001300174 a9789362020352 a001.2bP25 2Colon Classification aPhysical and world geography:bCivil service exam 2026 aNew Delhi:bMade easy publications;c2025. a272p. aNext IAS